Вып. 48; Астрометрия и астрофизика

Detalles Bibliográficos
Parent link:Астрометрия и астрофизика: республиканский межведомственный сборник научных трудов/ Академия наук Украинской ССР (АН УССР), Главная астрономическая обсерватория (ГАО). Вып. 48.— , 1965-1984
Idioma:ruso
Publicado: 1983
Subjects:
Formato: MixedMaterials Libro
KOHA link:https://koha.lib.tpu.ru/cgi-bin/koha/opac-detail.pl?biblionumber=301672

MARC

LEADER 00000nam2a2200000 4500
001 301672
005 20231102001426.0
020 |a RU  |b 83-5ж 
035 |a (RuTPU)RU\TPU\book\326848 
090 |a 301672 
100 |a 20150812d1983 k y0rusy5003 ca 
101 0 |a rus 
102 |a UA 
105 |a a z 001zy 
200 0 |a Вып. 48 
210 |d 1983 
215 |a 96 с.  |c ил. 
320 |a Библиогр. в конце ст. 
461 1 |0 (RuTPU)RU\TPU\book\299167  |t Астрометрия и астрофизика  |o республиканский межведомственный сборник научных трудов  |f Академия наук Украинской ССР (АН УССР), Главная астрономическая обсерватория (ГАО)  |v Вып. 48  |d 1965-1984 
606 1 |a Астрометрия  |2 stltpush  |3 (RuTPU)RU\TPU\subj\29545  |9 52847 
606 1 |a Астрофизика  |2 stltpush  |3 (RuTPU)RU\TPU\subj\29580  |9 52873 
610 1 |a астрономия 
610 1 |a физика 
610 1 |a Солнце 
610 1 |a межзвездная среда 
610 1 |a звезды 
610 1 |a атмосферная оптика 
610 1 |a астроклимат 
610 1 |a позиционная астрономия 
610 1 |a селенодезия 
610 1 |a Луна 
610 1 |a математическая обработка 
610 1 |a астрономические наблюдения 
610 1 |a инструменты 
610 1 |a приборы 
675 |a 521.9  |z rus  |v 4 
675 |a 52:53  |v 4 
801 0 |a RU  |b RuMRKP  |c 19950704  |g psbo 
801 1 |a RU  |b 63413507  |c 20150812 
801 2 |a RU  |b 63413507  |c 20170707  |g RCR 
942 |c BK